[Event "HUN-chT2 Charousek 0203"]
[Site "Hungary"]
[Date "2002.11.24"]
[Round "3.6"]
[White "Matrahalmi, Tibor"]
[Black "Kasa, Krisztian"]
[Result "1/2-1/2"]
[WhiteElo "2089"]
[BlackElo "2115"]
[PlyCount "40"]
[EventDate "2002.09.22"]
[EventType "team"]
[EventRounds "11"]
[EventCountry "HUN"]
[SourceTitle "EXT 2004"]
[Source "ChessBase"]
[SourceDate "2003.11.25"]
[SourceVersion "1"]
[SourceVersionDate "2003.11.25"]
[SourceQuality "1"]
[WhiteTeam "Geniusz Tata"]
[BlackTeam "Lenti"]
[WhiteTeamCountry "HUN"]
[BlackTeamCountry "HUN"]

1. e4 d5 2. exd5 Nf6 3. d4 Nxd5 4. c4 Nb6 5. Nc3 e5 6. d5 Bb4 7. Be3 0-0 8. Nf3 Re8 9. Be2 c6 10. Qb3 Bxc3+ 11. bxc3 e4 12. Nd4 cxd5 13. c5 Nc4 14. Bxc4 dxc4 15. Qxc4 a6 16. 0-0 Qc7 17. Qd5 Re5 18. Qd6 Rxc5 19. Nf5 Qxd6 20. Nxd6 Rc6 1/2-1/2

[Event "HUN-ch univ"]
[Site "Hungary"]
[Date "2000.??.??"]
[Round "?"]
[White "Szuk, Balazs"]
[Black "Kasa, Krisztian"]
[Result "1/2-1/2"]
[WhiteElo "2350"]
[BlackElo "2110"]
[PlyCount "63"]
[EventDate "2000.??.??"]
[EventType "swiss"]
[EventRounds "7"]
[EventCountry "HUN"]
[SourceTitle "EXT 2004"]
[Source "ChessBase"]
[SourceDate "2003.11.25"]
[SourceVersion "1"]
[SourceVersionDate "2003.11.25"]
[SourceQuality "1"]

1. e4 d5 2. exd5 Nf6 3. c4 e6 4. dxe6 Bxe6 5. Nf3 c5 6. d4 cxd4 7. Nxd4 Bb4+ 8. Nc3 0-0 9. Nxe6 Qxd1+ 10. Kxd1 fxe6 11. f3 Nc6 12. Be3 Rfd8+ 13. Kc2 Rac8 14. Be2 Ne5 15. Rhd1 Rxd1 16. Rxd1 Bxc3 17. bxc3 Nxc4 18. Bxa7 Nd5 19. Bxc4 Rxc4 20. Bd4 Kf7 21. Rb1 Rc7 22. g3 g5 23. Kd3 h5 24. Rb5 Kg6 25. c4 Ne7 26. Re5 Rc6 27. g4 hxg4 28. fxg4 Ra6 29. Be3 Kf7 30. Bxg5 Rxa2 31. Rb5 Ra3+ 32. Ke4 1/2-1/2